000 00581cam a22002173a 4500
001 43347
003 PGUSA
005 20140828084003.0
008 130729s2013||||xxu|||||s|||||000 | eng d
040 _aPGUSA
_beng
042 _adc
100 1 _aPissarro, Lucien
245 1 0 _aRossetti
_h[electronic resource] /
_cLucien Pissarro
260 _bProject Gutenberg,
_c2013
506 _aPublic domain in the USA.
516 _aElectronic text
700 1 _aHare, T. Leman
830 0 _aProject Gutenberg
_v43347
856 4 0 _uhttp://www.gutenberg.org/ebooks/43347
942 _cEB
999 _c272598
_d272598